Statystyki dla Drużyny na mundialu w Katarze

Kliknij tutaj aby rozwiązać quiz!

Ogólne statystyki

  • Ten quiz został rozwiązany 94 razy
  • Średni wynik to 23 z 32

Statystyki odpowiedzi

HintOdpowiedź% Poprawnych
1.Argentyna
99%
2.Francja
97%
12.Polska
97%
4.Maroko
93%
8.Portugalia
90%
17.Niemcy
88%
26.Arabia Saudyjska
87%
3.Chorwacja
87%
32.Katar
86%
10.Hiszpania
84%
22.Meksyk
84%
9.Japonia
83%
7.Anglia
81%
6.Brazylia
81%
5.Holandia
78%
15.Korea Południowa
77%
13.Stany Zjednoczone
74%
23.Belgia
70%
31.Kanada
67%
14.Senegal
67%
11.Australia
62%
18.Ekwador
62%
19.Urugwaj
58%
28.Dania
55%
25.Ghana
52%
20.Kamerun
52%
16.Szwajcaria
52%
27.Kostaryka
46%
29.Serbia
45%
30.Walia
45%
24.Iran
42%
21.Tunezja
38%

Rozkład punktacji

Percentyl według liczby udzielonych odpowiedzi

Procent ludzi z każdym wynikiem

Twoja historia wyników

Nie rozwiązałeś tego quizu